[Event "Team Russia"]
[Site "Petergof"]
[Date "2015.08.09"]
[Round "9.35"]
[White "Arkhipkin, Ilya"]
[Black "Chernov, Maksim"]
[Result "0-1"]
[WhiteElo "1974"]
[BlackElo "2047"]
[PlyCount "104"]
[EventDate "2015.08.??"]
[EventType "team-swiss"]

1. d4 Nf6 2. c4 g6 3. Nc3 d5 4. cxd5 Nxd5 5. e4 Nxc3 6. bxc3 Bg7 7. Bc4 c5 8.
Ne2 Nc6 9. Be3 O-O 10. O-O Bg4 11. f3 Na5 12. Bd3 cxd4 13. cxd4 Be6 14. Rc1
Bxa2 15. Qa4 Be6 16. d5 Bd7 17. Qb4 b6 18. Ba6 Re8 19. Nd4 e6 20. Nc6 Bxc6 21.
dxc6 Qc7 22. Rc2 e5 23. Qb5 Rad8 24. Rfc1 Bf8 25. Kf1 Re6 26. Bd2 Rxd2 27. Rxd2
Nxc6 28. Rd5 Bc5 29. Qa4 Qe7 30. Bc8 Rd6 31. Rcd1 Nd4 32. Rxd6 Bxd6 33. Qd7
Qxd7 34. Bxd7 Bc5 35. Ra1 a5 36. Rd1 Kf8 37. Rxd4 Bxd4 38. Ke2 Ke7 39. Ba4 Kd6
40. Kd3 Kc5 41. Be8 f6 42. h4 Bf2 43. h5 gxh5 44. Bxh5 b5 45. Bf7 a4 46. Be8
Kb6 47. Bd7 Ka5 48. Kc2 b4 49. Kb2 Bd4+ 50. Ka2 b3+ 51. Ka3 Bc5+ 52. Kb2 Kb4
0-1

[Event "Team Russia"]
[Site "Petergof"]
[Date "2015.08.09"]
[Round "9.36"]
[White "Petrochenko, Maria"]
[Black "Obolentseva, Alexandra"]
[Result "0-1"]
[WhiteElo "1997"]
[BlackElo "2113"]
[PlyCount "76"]
[EventDate "2015.08.??"]
[EventType "team-swiss"]

1. d4 Nf6 2. c4 g6 3. g3 Bg7 4. Bg2 O-O 5. Nc3 d6 6. Nf3 Nbd7 7. O-O e5 8. dxe5
dxe5 9. Bg5 c6 10. Qc1 Qc7 11. Bh6 Re8 12. Bxg7 Kxg7 13. Nd2 a5 14. Na4 b6 15.
c5 b5 16. Nb6 Rb8 17. Nxc8 Rexc8 18. b4 axb4 19. e4 Ra8 20. Nb3 Re8 21. Rd1 Ra3
22. Rd6 Rea8 23. Qc2 Rxb3 24. Qxb3 Nxc5 25. Qd1 Nfxe4 26. Bxe4 Nxe4 27. Rd7 Qc8
28. Re7 Qf5 29. Qe1 Rd8 30. Rc1 c5 31. Qe3 Rd2 32. Rf1 Rxa2 33. Rb7 Ra3 34. Qe2
c4 35. Qb2 Rb3 36. Qe2 Nc3 37. Qd2 Qf3 38. Re1 Qxb7 0-1

[Event "Team Russia"]
[Site "Petergof"]
[Date "2015.08.09"]
[Round "9.37"]
[White "Shubin, Kirill"]
[Black "Navrodskiy, Boris"]
[Result "1-0"]
[WhiteElo "2216"]
[BlackElo "2035"]
[PlyCount "97"]
[EventDate "2015.08.??"]
[EventType "team-swiss"]

1. e4 c5 2. Be2 d6 3. f4 Nc6 4. Nf3 Nf6 5. d3 g6 6. c3 Bg7 7. O-O O-O 8. h3 Rb8
9. Be3 b5 10. Nbd2 b4 11. d4 bxc3 12. bxc3 Qa5 13. Nc4 Qc7 14. Nfd2 cxd4 15.
cxd4 d5 16. Ne5 Nxe5 17. dxe5 Nxe4 18. Nxe4 dxe4 19. Qa4 Qc3 20. Qxe4 Rb2 21.
Qd3 Qa5 22. Bd4 Rd2 23. Qe3 Rd8 24. Bc3 Rxe2 25. Bxa5 Rxe3 26. Bxd8 f6 27. Rfe1
Rxe1+ 28. Rxe1 fxe5 29. fxe5 Kf7 30. Rc1 Bd7 31. Bc7 Ke6 32. Rc5 a6 33. Kf2 Bb5
34. g4 Bh6 35. Ba5 Bf4 36. Bc3 h5 37. a4 Bd3 38. Kf3 Bg5 39. Be1 hxg4+ 40. hxg4
Bh6 41. Rc3 Bb1 42. Rc5 Bd3 43. Ba5 Bg5 44. Be1 Bb1 45. Rc6+ Kxe5 46. Rc5+ Kf6
47. Bc3+ e5 48. Rxe5 Bd2 49. g5+ 1-0

[Event "Team Russia"]
[Site "Petergof"]
[Date "2015.08.09"]
[Round "9.38"]
[White "German, Nikita"]
[Black "Obodenko, Amir"]
[Result "0-1"]
[WhiteElo "1987"]
[BlackElo "1970"]
[PlyCount "78"]
[EventDate "2015.08.??"]
[EventType "team-swiss"]

1. e4 c5 2. Nf3 Nc6 3. Bb5 g6 4. O-O Bg7 5. c3 e5 6. d3 Nge7 7. Be3 d6 8. h3
O-O 9. Na3 f5 10. Bc4+ Kh8 11. Ng5 f4 12. Bd2 Qe8 13. Nb5 Qd7 14. Be6 Qd8 15.
Nf7+ Rxf7 16. Bxf7 a6 17. Na3 Qf8 18. Bb3 b5 19. Nc2 Na5 20. Ne1 Nxb3 21. Qxb3
Qf6 22. a4 Be6 23. Qc2 Rf8 24. Nf3 g5 25. axb5 axb5 26. Ra7 h5 27. d4 g4 28.
dxe5 dxe5 29. Nxe5 Qxe5 30. Rxe7 gxh3 31. Qd1 Qg5 32. Rxg7 Kxg7 33. g3 Qg6 34.
Bxf4 Rxf4 35. Qd6 Qxe4 36. Qe7+ Rf7 37. Qg5+ Qg6 38. Qxc5 Qg4 39. Qe3 Qf3 0-1

[Event "Team Russia"]
[Site "Petergof"]
[Date "2015.08.09"]
[Round "9.39"]
[White "Shchukin, Maksim"]
[Black "Antonian, Grant"]
[Result "1/2-1/2"]
[WhiteElo "1820"]
[BlackElo "1869"]
[PlyCount "145"]
[EventDate "2015.08.??"]
[EventType "team-swiss"]

1. e4 e5 2. Nf3 Nc6 3. Bb5 a6 4. Ba4 Nf6 5. d3 b5 6. Bb3 Bc5 7. O-O d6 8. c3 h6
9. h3 O-O 10. Re1 Re8 11. Nbd2 a5 12. Nf1 Bb6 13. Ng3 d5 14. Qe2 Be6 15. Kh2 a4
16. Bc2 dxe4 17. Nxe4 Bd5 18. Ng3 e4 19. Nxe4 Nxe4 20. dxe4 Bc4 21. Qd2 Qxd2
22. Bxd2 Bxf2 23. Reb1 Rad8 24. Be1 Bxe1 25. Rxe1 Ne5 26. Nxe5 Rxe5 27. b3 Rd2
28. Rac1 axb3 29. axb3 Bd3 30. Bxd3 Rxd3 31. Kg1 Rc5 32. c4 Rxb3 33. cxb5 Rbxb5
34. Rxc5 Rxc5 35. Rd1 Kf8 36. Rd8+ Ke7 37. Rc8 Rc2 38. Kh2 Kd7 39. Rg8 g6 40.
Kg3 c5 41. Rf8 Ke7 42. Rc8 c4 43. Kf3 c3 44. Rc7+ Ke6 45. Rc6+ Kd7 46. Rf6 Rf2+
47. Kxf2 c2 48. Rxf7+ Kc8 49. Rf8+ Kb7 50. Rf7+ Kb6 51. Rf6+ Kb5 52. Rxg6 c1=Q
53. Kg3 Qe3+ 54. Kh2 Qxe4 55. Rg3 Qf4 56. h4 Qxh4+ 57. Rh3 Qf4+ 58. Kg1 Kc4 59.
Rf3 Qg5 60. Kh2 Kd4 61. Rh3 Qf4+ 62. Kg1 Ke4 63. Rf3 Qg4 64. Rh3 Kf5 65. Rf3+
Kg5 66. Kh2 Qh4+ 67. Rh3 Qf4+ 68. Kg1 Kg4 69. Rf3 Qd4+ 70. Kh2 Qe5+ 71. Kg1 h5
72. Rh3 h4 73. Rf3 1/2-1/2

[Event "Team Russia"]
[Site "Petergof"]
[Date "2015.08.09"]
[Round "9.40"]
[White "Granovskaya, Ekaterina"]
[Black "Kiseleva, Ekaterina"]
[Result "1/2-1/2"]
[WhiteElo "1626"]
[BlackElo "1826"]
[PlyCount "120"]
[EventDate "2015.08.??"]
[EventType "team-swiss"]

1. e4 e5 2. Nf3 d6 3. d4 exd4 4. Nxd4 Nf6 5. Nc3 Be7 6. Be2 O-O 7. Bf4 Re8 8.
Qd2 Nc6 9. O-O Nxd4 10. Qxd4 Nd7 11. Nd5 Bf6 12. Nxf6+ Qxf6 13. Qxf6 Nxf6 14.
f3 d5 15. Bd3 dxe4 16. fxe4 c6 17. Rfe1 Nd7 18. e5 Nc5 19. Be2 Bf5 20. c4 Bd3
21. Rad1 Bxe2 22. Rxe2 a6 23. b3 Rad8 24. Red2 Ne6 25. Bg3 Rxd2 26. Rxd2 Rd8
27. Rxd8+ Nxd8 28. Kf2 Kf8 29. Ke3 Ne6 30. b4 Ke7 31. h4 Nf8 32. Ke4 Ke6 33.
Bf4 Nd7 34. g4 b5 35. c5 Nf8 36. h5 Kd7 37. g5 Ne6 38. Be3 Nc7 39. Kf5 Nd5 40.
Bd2 Ke7 41. a3 g6+ 42. hxg6 hxg6+ 43. Ke4 Ke6 44. Be1 Ne7 45. Bh4 Nf5 46. Bf2
Ng7 47. Bh4 Kd7 48. Bf2 Ne6 49. Be3 Kc7 50. Kd3 Kb7 51. Ke4 a5 52. Kd3 Nc7 53.
Ke4 axb4 54. axb4 Nd5 55. Bd2 Kc7 56. Be1 Kd7 57. Bd2 Ke6 58. Be1 Ne7 59. Bh4
Nf5 60. Be1 Ke7 1/2-1/2

[Event "Team Russia"]
[Site "Petergof"]
[Date "2015.08.09"]
[Round "9.41"]
[White "Khramov, Andrey"]
[Black "Malyshev, Grigory"]
[Result "1-0"]
[WhiteElo "2060"]
[BlackElo "2259"]
[PlyCount "101"]
[EventDate "2015.08.??"]
[EventType "team-swiss"]

1. e4 c5 2. Nf3 d6 3. d4 cxd4 4. Nxd4 Nf6 5. Nc3 a6 6. Be3 e5 7. Nb3 Be6 8. f3
Be7 9. Qd2 O-O 10. O-O-O Nbd7 11. g4 b5 12. Rg1 b4 13. Nd5 Bxd5 14. exd5 Nb6
15. Na5 Nfxd5 16. Nc6 Qc7 17. Nxe7+ Qxe7 18. Bxb6 Nxb6 19. Qxd6 Qg5+ 20. Qd2
Qe7 21. Qd6 Qg5+ 22. Qd2 Qe7 23. Bd3 a5 24. h4 a4 25. Qe3 Rab8 26. f4 a3 27. b3
Rfe8 28. Rde1 g6 29. Qe4 Nd7 30. Bc4 Qf6 31. g5 Qg7 32. f5 gxf5 33. Qxf5 e4 34.
g6 Kh8 35. Qxf7 hxg6 36. Rxg6 Qxf7 37. Bxf7 Re7 38. Bd5 e3 39. Re6 Rxe6 40.
Bxe6 Nc5 41. Bc4 Re8 42. c3 bxc3 43. Kc2 Kg7 44. Kxc3 Re4 45. Bd3 Rxh4 46. Rxe3
Rh2 47. Be2 Rh4 48. Bc4 Kf6 49. Kb4 Ne4 50. Kxa3 Ke5 51. Bd3 1-0

[Event "Team Russia"]
[Site "Petergof"]
[Date "2015.08.09"]
[Round "9.42"]
[White "Rudenko, Naum"]
[Black "Azimov, Ilyas"]
[Result "0-1"]
[WhiteElo "1957"]
[BlackElo "2058"]
[PlyCount "118"]
[EventDate "2015.08.??"]
[EventType "team-swiss"]

1. d4 Nf6 2. Nf3 d5 3. c4 c6 4. Nc3 e6 5. Bg5 h6 6. Bxf6 Qxf6 7. e3 Nd7 8. Bd3
g6 9. O-O Bg7 10. Qe2 O-O 11. Rfc1 dxc4 12. Ne4 Qe7 13. Bxc4 e5 14. d5 cxd5 15.
Bxd5 Nb6 16. Bb3 Kh7 17. Nc3 Rd8 18. e4 Bg4 19. Rd1 Rac8 20. Rxd8 Rxd8 21. Rd1
Bd7 22. Nd5 Nxd5 23. Rxd5 Rc8 24. h3 Bc6 25. Rd2 Rc7 26. Bd5 Ba4 27. Kh2 Qc5
28. Ne1 Bf6 29. b3 Bb5 30. Qf3 Kg7 31. Rc2 Qe7 32. Qd1 Rd7 33. Qf3 Rc7 34. Qd1
h5 35. Qc1 Rd7 36. Qe3 b6 37. Nf3 Ba6 38. g4 hxg4 39. hxg4 g5 40. Kg2 Kg6 41.
Rc1 Rd8 42. Rh1 Qd7 43. Kg3 Bc8 44. Nh2 Rh8 45. Rc1 Bb7 46. Bxb7 Qxb7 47. Nf3
Qd7 48. Qc3 Re8 49. Rh1 Qe7 50. Qc6 Kg7 51. Ne1 Qe6 52. Qc1 Rc8 53. Qe3 Be7 54.
Nf3 Rc2 55. Nxg5 Qf6 56. Nf3 Bc5 57. g5 Qe6 58. Qd3 Bxf2+ 59. Kg2 Qg4+ 0-1

[Event "Team Russia"]
[Site "Petergof"]
[Date "2015.08.09"]
[Round "9.43"]
[White "Bekhovskiy, Mikhail"]
[Black "Bogdanov, Stanislav"]
[Result "1-0"]
[WhiteElo "2286"]
[BlackElo "1846"]
[PlyCount "69"]
[EventDate "2015.08.??"]
[EventType "team-swiss"]

1. e4 e6 2. d4 b6 3. Nf3 Bb7 4. Bd3 Ne7 5. O-O g6 6. c3 Bg7 7. Bg5 h6 8. Bh4 d6
9. Re1 Nd7 10. Nbd2 a6 11. Bxe7 Qxe7 12. e5 O-O 13. exd6 cxd6 14. Qb3 Rfc8 15.
a4 Rc7 16. Re3 Rac8 17. Rae1 Kh8 18. g3 Bf6 19. Be4 Bxe4 20. Nxe4 Bg7 21. h4 h5
22. Nfg5 Bh6 23. Nxd6 Bxg5 24. Nxc8 Rxc8 25. hxg5 Qxg5 26. Rf3 Rf8 27. Qc4 h4
28. Qc7 Qd5 29. Qf4 hxg3 30. Qh6+ Kg8 31. Rxg3 Nf6 32. Rh3 Nh5 33. Re5 Qa2 34.
Rexh5 Qb1+ 35. Kh2 1-0

[Event "Team Russia"]
[Site "Petergof"]
[Date "2015.08.09"]
[Round "9.44"]
[White "Tikhonova, Dariya"]
[Black "Rybakova, Polina"]
[Result "1-0"]
[WhiteElo "1753"]
[BlackElo "1926"]
[PlyCount "93"]
[EventDate "2015.08.??"]
[EventType "team-swiss"]

1. e4 c5 2. Nf3 d6 3. Bb5+ Bd7 4. Bxd7+ Qxd7 5. O-O Nc6 6. c3 Nf6 7. Re1 e6 8.
d4 cxd4 9. cxd4 d5 10. e5 Ne4 11. Nbd2 Nxd2 12. Bxd2 Be7 13. Rc1 O-O 14. Rc3
Rac8 15. a3 Qd8 16. h4 Bxh4 17. g3 Be7 18. Kg2 f6 19. Rh1 g6 20. Rh6 Rf7 21.
Qc2 f5 22. Qc1 Qb6 23. Bg5 Re8 24. b4 a5 25. Bf6 Bxf6 26. exf6 Rxf6 27. Qh1 Re7
28. Ng5 Qxd4 29. Rxh7 Rxh7 30. Qxh7+ Kf8 31. Qh8+ Ke7 32. Qg7+ Ke8 33. Re3 f4
34. Nxe6 Rxe6 35. Rxe6+ Kd8 36. Rd6+ Ke8 37. Re6+ Kd8 38. Rd6+ Kc8 39. Qg8+ Kc7
40. Re6 Kd7 41. Qf7+ Kc8 42. Re8+ Nd8 43. Qe6+ Kc7 44. Re7+ Kb8 45. Qd6+ Ka7
46. Qxd8 f3+ 47. Kxf3 1-0

[Event "Team Russia"]
[Site "Petergof"]
[Date "2015.08.09"]
[Round "9.45"]
[White "Panov, Maksim"]
[Black "Shuster, Andrei"]
[Result "1-0"]
[WhiteElo "2187"]
[BlackElo "2075"]
[PlyCount "85"]
[EventDate "2015.08.??"]
[EventType "team-swiss"]

1. Nf3 d5 2. d4 Nf6 3. g3 c6 4. c4 dxc4 5. Bg2 b5 6. O-O Bb7 7. Ne5 e6 8. a4 a6
9. b3 cxb3 10. Bb2 Be7 11. Qxb3 O-O 12. Rc1 Qb6 13. Nd2 Rc8 14. e3 Nbd7 15. a5
Qd8 16. Nxc6 Bxc6 17. Rxc6 Rxc6 18. Bxc6 Ra7 19. Bf3 Nf8 20. e4 Rd7 21. Nf1 h5
22. Ne3 h4 23. Kg2 Ng6 24. e5 Nd5 25. Nxd5 exd5 26. Rc1 hxg3 27. hxg3 Nf8 28.
Rc6 Qxa5 29. Bxd5 Bb4 30. Rc8 Re7 31. Bc1 Bd2 32. e6 f6 33. Bb2 g6 34. Bf3 Kg7
35. d5 Bb4 36. Bxf6+ Kxf6 37. Qb2+ Kg5 38. Qe5+ Kh6 39. Rxf8 Bc3 40. Rh8+ Rh7
41. Qf4+ g5 42. Rxh7+ Kxh7 43. Qf7+ 1-0

[Event "Team Russia"]
[Site "Petergof"]
[Date "2015.08.09"]
[Round "9.46"]
[White "Shugalei, Mikhail"]
[Black "Radzhabov, Rodion"]
[Result "0-1"]
[WhiteElo "1692"]
[BlackElo "2128"]
[PlyCount "24"]
[EventDate "2015.08.??"]
[EventType "team-swiss"]

1. c4 e5 2. b3 Nc6 3. Bb2 Nf6 4. e3 d5 5. d4 exd4 6. exd4 Bb4+ 7. Nd2 Ne4 8.
Ngf3 Bg4 9. cxd5 Bxd2+ 10. Nxd2 Bxd1 11. Nxe4 Bc2 12. dxc6 Bxe4 0-1

[Event "Team Russia"]
[Site "Petergof"]
[Date "2015.08.09"]
[Round "9.48"]
[White "Zavgorodniaya, Alena"]
[Black "Shnayder, Violetta"]
[Result "1-0"]
[WhiteElo "1988"]
[BlackElo "1932"]
[PlyCount "65"]
[EventDate "2015.08.??"]
[EventType "team-swiss"]

1. e4 d6 2. d4 g6 3. Nc3 Bg7 4. f4 c6 5. Nf3 Nd7 6. Bc4 Nb6 7. Bd3 Bg4 8. Be3
e5 9. fxe5 dxe5 10. d5 Ne7 11. dxc6 Nxc6 12. h3 Bxf3 13. Qxf3 O-O 14. O-O Nd4
15. Qf2 Rc8 16. Rad1 Nc4 17. Bc1 a6 18. Kh1 b5 19. Ne2 Qe7 20. c3 Ne6 21. b3
Na3 22. Qb6 Nf4 23. Nxf4 exf4 24. Qa5 b4 25. cxb4 Nc2 26. Bxf4 Nxb4 27. Bc4 Nc6
28. Qxa6 Rfd8 29. Rxd8+ Qxd8 30. Bxf7+ Kh8 31. Be6 Ra8 32. Qxc6 Rxa2 33. Bc7
1-0

[Event "Team Russia"]
[Site "Petergof"]
[Date "2015.08.09"]
[Round "9.49"]
[White "Abramov, Nikita"]
[Black "Sinyanskiy, Maxim"]
[Result "0-1"]
[WhiteElo "2269"]
[BlackElo "2102"]
[PlyCount "58"]
[EventDate "2015.08.??"]
[EventType "team-swiss"]

1. e4 c5 2. Nf3 d6 3. d4 cxd4 4. Nxd4 Nf6 5. Nc3 a6 6. f3 e6 7. Be3 b5 8. Qd2
Nbd7 9. g4 h6 10. h4 Bb7 11. O-O-O b4 12. Nce2 d5 13. exd5 Bxd5 14. Rh3 Bxa2
15. g5 Nd5 16. g6 Nc5 17. gxf7+ Kxf7 18. Nf4 Rc8 19. Nd3 Qa5 20. Nxc5 Bxc5 21.
Qe1 Rhd8 22. Bf2 Bxd4 23. Rxd4 Bb3 24. Bd3 Qa1+ 25. Kd2 Qxb2 26. Qe4 Bxc2 27.
Bxc2 b3 28. Qg6+ Kf8 29. Ke1 bxc2 0-1

[Event "Team Russia"]
[Site "Petergof"]
[Date "2015.08.09"]
[Round "9.51"]
[White "Kuznetsov, Felix"]
[Black "Reshetnikov, Ruslan"]
[Result "0-1"]
[WhiteElo "2201"]
[BlackElo "2149"]
[PlyCount "38"]
[EventDate "2015.08.??"]
[EventType "team-swiss"]

1. e4 e6 2. d4 d5 3. Nd2 Be7 4. Bd3 c5 5. dxc5 Nf6 6. Qe2 O-O 7. Ngf3 Nfd7 8.
Nb3 Nxc5 9. Nxc5 Bxc5 10. O-O Nc6 11. exd5 exd5 12. c3 Bg4 13. Bc2 Bh5 14. Rd1
Re8 15. Qb5 Bxf3 16. gxf3 Bb6 17. Bf4 Qf6 18. Bg3 Qxf3 19. Qxd5 Re1+ 0-1

[Event "Team Russia"]
[Site "Petergof"]
[Date "2015.08.09"]
[Round "9.52"]
[White "Zajtzeva, Viktoria"]
[Black "Vorobyova, Ekaterina"]
[Result "1-0"]
[WhiteElo "1944"]
[BlackElo "1673"]
[PlyCount "99"]
[EventDate "2015.08.??"]
[EventType "team-swiss"]

1. Nf3 Nf6 2. g3 e6 3. Bg2 Be7 4. O-O O-O 5. d3 d5 6. Nbd2 Nbd7 7. e4 c5 8. h3
Qc7 9. Qe2 b6 10. Re1 Bb7 11. e5 Ne8 12. Nh2 Rc8 13. c3 b5 14. f4 d4 15. cxd4
Bxg2 16. Qxg2 cxd4 17. Nb3 Nc5 18. Nxc5 Qxc5 19. Bd2 Nc7 20. Rac1 Qb6 21. Qe4
Nd5 22. Nf3 h6 23. Kh2 Bb4 24. Bxb4 Nxb4 25. a3 Nc6 26. g4 a6 27. g5 Ne7 28.
gxh6 gxh6 29. Nh4 Rxc1 30. Rxc1 Kh8 31. Rg1 Rg8 32. Rxg8+ Kxg8 33. f5 exf5 34.
Nxf5 Nxf5 35. Qxf5 Qc5 36. Kg3 Kf8 37. Qf4 Ke8 38. Kh4 Qb6 39. Qf6 Qxf6+ 40.
exf6 Kd7 41. Kh5 Ke6 42. Kxh6 Kxf6 43. h4 Kf5 44. h5 Kf4 45. Kg7 Ke3 46. Kxf7
Kxd3 47. h6 Kc2 48. h7 Kxb2 49. h8=Q Kxa3 50. Qxd4 1-0

[Event "Team Russia"]
[Site "Petergof"]
[Date "2015.08.09"]
[Round "9.53"]
[White "Zaozerskih, Sergey"]
[Black "Gurvich, Vitaly"]
[Result "0-1"]
[WhiteElo "1902"]
[BlackElo "2331"]
[PlyCount "64"]
[EventDate "2015.08.??"]
[EventType "team-swiss"]

1. e4 c5 2. Nf3 a6 3. d4 cxd4 4. Nxd4 Nf6 5. Nc3 e5 6. Nb3 Bb4 7. Bd3 O-O 8.
O-O Bxc3 9. bxc3 d6 10. c4 Be6 11. Ba3 Nc6 12. c5 d5 13. exd5 Nxd5 14. Be4 f5
15. Bxd5 Bxd5 16. Qd2 Bxb3 17. Qxd8 Raxd8 18. cxb3 Rd2 19. Bc1 Rd5 20. a4 Rfd8
21. Bg5 R8d7 22. Rac1 h6 23. Bh4 g5 24. Bg3 f4 25. Bxf4 exf4 26. h3 Kf7 27.
Rfe1 Re7 28. Rxe7+ Kxe7 29. Re1+ Re5 30. Rxe5+ Nxe5 31. g3 fxg3 32. fxg3 Nd3
0-1

[Event "Team Russia"]
[Site "Petergof"]
[Date "2015.08.09"]
[Round "9.54"]
[White "Mikhailovsky, Vladimir"]
[Black "Bregman, Ilya"]
[Result "1-0"]
[WhiteElo "2231"]
[BlackElo "1695"]
[PlyCount "71"]
[EventDate "2015.08.??"]
[EventType "team-swiss"]

1. Nc3 d5 2. e4 d4 3. Nce2 c5 4. d3 Nc6 5. g3 e5 6. Bg2 Bd6 7. f4 Qc7 8. Nf3
Bd7 9. O-O Nge7 10. c4 O-O-O 11. a3 h5 12. f5 f6 13. Nh4 Rdg8 14. Qe1 g5 15.
Nf3 Nxf5 16. exf5 Bxf5 17. Nxe5 Nxe5 18. Rxf5 Nxd3 19. Qf1 h4 20. Nxd4 hxg3 21.
Nb5 gxh2+ 22. Kh1 Qe7 23. Qxd3 Be5 24. Be3 a6 25. Nc3 Rh4 26. Rd1 Qh7 27. Bf2
Rh6 28. Bxc5 g4 29. Nd5 Kb8 30. Ne7 Rh3 31. Bxh3 gxh3 32. Nxg8 Bc7 33. Bd6 Qg7
34. Bxc7+ Kxc7 35. Qd6+ Kc8 36. Qd8# 1-0

[Event "Team Russia"]
[Site "Petergof"]
[Date "2015.08.09"]
[Round "9.55"]
[White "Plaksin, Daniil"]
[Black "Aleksandrovskiy, Dmitriy"]
[Result "0-1"]
[WhiteElo "1627"]
[BlackElo "2207"]
[PlyCount "98"]
[EventDate "2015.08.??"]
[EventType "team-swiss"]

1. d4 d5 2. c4 dxc4 3. e3 Nf6 4. Bxc4 e6 5. Nc3 a6 6. a3 b5 7. Bd3 Bb7 8. Nf3
Nbd7 9. O-O c5 10. Be2 Rc8 11. Bd2 Be7 12. Rc1 O-O 13. dxc5 Nxc5 14. Nd4 Qb6
15. b4 Ncd7 16. Qb3 Nd5 17. Bf3 Rc4 18. Nxd5 Bxd5 19. Bxd5 exd5 20. Bc3 Rfc8
21. Ne2 Qc7 22. Qb2 Bf8 23. Rfd1 Nb6 24. Qa1 f6 25. Bd4 Na4 26. Rxc4 dxc4 27.
Nc3 Nxc3 28. Qxc3 Rd8 29. Rc1 Ra8 30. f4 a5 31. Rb1 axb4 32. axb4 Qc6 33. Rb2
Ra4 34. Kf2 Qa8 35. Qd2 Qd5 36. Bc3 Qxd2+ 37. Bxd2 Ra3 38. Rb1 Ra2 39. Ke1 c3
40. Bxc3 Rxg2 41. Rb2 Rxb2 42. Bxb2 Bxb4+ 43. Ke2 Kf7 44. Kd3 Ke6 45. e4 g6 46.
h3 f5 47. Kd4 Bd2 48. Kc5 b4 49. Be5 Bc3 0-1

[Event "Team Russia"]
[Site "Petergof"]
[Date "2015.08.09"]
[Round "9.56"]
[White "Kruglikova, Viktorija"]
[Black "Parsegyan, Kseniya"]
[Result "1/2-1/2"]
[WhiteElo "1944"]
[BlackElo "1549"]
[PlyCount "81"]
[EventDate "2015.08.??"]
[EventType "team-swiss"]

1. d4 Nf6 2. Nf3 g6 3. g3 d6 4. Bg2 Bg7 5. O-O O-O 6. c4 c6 7. Nc3 Nbd7 8. e4
e5 9. d5 cxd5 10. cxd5 Ne8 11. Re1 f5 12. Ng5 Nc7 13. Bh3 Nf6 14. Qb3 Kh8 15.
Ne6 Nxe6 16. dxe6 f4 17. gxf4 Nh5 18. f5 gxf5 19. exf5 Rg8 20. Kh1 Qh4 21. Ne4
Bf8 22. Ng5 Rxg5 23. Bxg5 Qxg5 24. Rg1 Qe7 25. Rad1 b6 26. Bg2 Bb7 27. Bxb7
Qxb7+ 28. f3 Be7 29. Rg4 Nf6 30. Rc4 d5 31. Rc2 e4 32. Rg2 Bc5 33. Qc3 d4 34.
Rxd4 Bxd4 35. Qxd4 Qe7 36. fxe4 Rc8 37. Rd2 Rc1+ 38. Kg2 Qg7+ 39. Kf3 Qg4+ 40.
Kf2 Qg1+ 41. Kf3 1/2-1/2